al-Muṣṭalaḥ. (Record no. 50457)
[ view plain ]
| 000 -LEADER | |
|---|---|
| fixed length control field | 00667cam a22002291 4500 |
| 001 - CONTROL NUMBER | |
| control field | ne 68002158 |
| 003 - CONTROL NUMBER IDENTIFIER | |
| control field | DLC |
| 005 - DATE AND TIME OF LATEST TRANSACTION | |
| control field | 20260227111842.0 |
| 008 - FIXED-LENGTH DATA ELEMENTS--GENERAL INFORMATION | |
| fixed length control field | 890228s1967 xx 000 0 ara |
| 010 ## - LIBRARY OF CONGRESS CONTROL NUMBER | |
| LC control number | ne 68002158 |
| 035 ## - SYSTEM CONTROL NUMBER | |
| System control number | (OCoLC)23493224 |
| 040 ## - CATALOGING SOURCE | |
| Original cataloging agency | DLC |
| Transcribing agency | MiU |
| Modifying agency | OCoLC |
| -- | DLC |
| 041 0# - LANGUAGE CODE | |
| Language code of text/sound track or separate title | engara |
| 042 ## - AUTHENTICATION CODE | |
| Authentication code | premarc |
| 050 00 - LIBRARY OF CONGRESS CALL NUMBER | |
| Classification number | PJ6640 |
| Item number | .S37 |
| 100 1# - MAIN ENTRY--PERSONAL NAME | |
| Personal name | al-Saʻrān, Ḥasan. |
| 245 13 - TITLE STATEMENT | |
| Title | al-Muṣṭalaḥ. |
| 260 ## - PUBLICATION, DISTRIBUTION, ETC. | |
| Date of publication, distribution, etc. | [1967] |
| 300 ## - PHYSICAL DESCRIPTION | |
| Extent | 16, 495 p. |
| Dimensions | 25 cm. |
| 500 ## - GENERAL NOTE | |
| General note | Added t. p.: al-Mustalah, English-Arabic dictionary of basic scientific and technical terms, by Hassan Assaran. |
| 650 #0 - SUBJECT ADDED ENTRY--TOPICAL TERM | |
| Topical term or geographic name entry element | English language |
| General subdivision | Dictionaries |
| -- | Arabic. |
No items available.